A dream of red mansions : (Record no. 3356)
[ view plain ]
| 000 -LEADER | |
|---|---|
| fixed length control field | 00570nam a2200145Ia 4500 |
| 005 - DATE AND TIME OF LATEST TRANSACTION | |
| control field | 20241213031050.0 |
| 008 - FIXED-LENGTH DATA ELEMENTS--GENERAL INFORMATION | |
| fixed length control field | 240331s9999 xx 000 0 und d |
| 082 ## - DDC Classification | |
| Item Number - Author Mark | HSU |
| Class No. | 951 |
| 100 ## - MAIN ENTRY--PERSONAL NAME | |
| Personal name | Hsueh-Chin, T |
| 245 #2 - TITLE STATEMENT | |
| Title | A dream of red mansions : |
| Remainder of title | Volume I |
| 260 ## - PUBLICATION, DISTRIBUTION, ETC. | |
| Place of publication, distribution, etc. | Peking |
| Name of publisher, distributor, etc. | Foreign Languages press |
| Date of publication, distribution, etc. | 1978 |
| 300 ## - PHYSICAL DESCRIPTION | |
| Extent (e.g. Volumes, Pages etc.) | xiv, 599 p ., |
| 500 ## - GENERAL NOTE | |
| General note | A Dream of red Mansions the great classical chinese novel written in the mid-eighteenth century during the reign of Emperor Chien-lung of the ching Dynasty, has been widely popular throughout the last two hu |
| 942 ## - Koha item type (Biblio) | |
| Koha item type | Books in Stacks (Lending) |
| Lost status | Damaged status | Collection code | Home library | Current library | Shelving location | Date acquired | Full call number | Accession Number | Item type |
|---|---|---|---|---|---|---|---|---|---|
| Lending | WERC Library | WERC Library | Social Science Cupboard | 03/31/2024 | 823 HSU | 277 | Books in Stacks (Lending) |
